Т. 2 : Секция гуманитарных наук; Материалы научной конференции молодых ученых вузов г. Томска, 1968 г.

Bibliografski detalji
Parent link:Материалы научной конференции молодых ученых вузов г. Томска, 1968 г./ СССР, Министерство высшего и среднего специального образования ; под ред. В. С. Флерова. Т. 2 : Секция гуманитарных наук.— , 1968-
Jezik:ruski
Izdano: 1968
Teme:
Format: Knjiga
KOHA link:https://koha.lib.tpu.ru/cgi-bin/koha/opac-detail.pl?biblionumber=204896

MARC

LEADER 00000nam2a2200000 4500
001 204896
005 20231101225238.0
035 |a (RuTPU)RU\TPU\book\223338 
090 |a 204896 
100 |a 20111202d1968 k y0rusy50 ca 
101 0 |a rus 
102 |a RU 
105 |a y z 101zy 
200 0 |a Т. 2 : Секция гуманитарных наук 
210 |d 1968 
215 |a 406 с. 
320 |a Библиогр. в примеч. 
461 1 |0 (RuTPU)RU\TPU\book\224991  |t Материалы научной конференции молодых ученых вузов г. Томска, 1968 г.  |f СССР, Министерство высшего и среднего специального образования ; под ред. В. С. Флерова  |v Т. 2 : Секция гуманитарных наук  |d 1968-  
606 1 |a Учёные  |y СССР  |y Россия  |2 stltpush  |3 (RuTPU)RU\TPU\subj\63499  |9 80523 
610 1 |a общественные науки 
610 1 |a гуманитарные науки 
610 1 |a Томск 
610 1 |a конференции 
610 1 |a Коллекция История ТПУ 
686 |a Ч216(2)  |v LBC/SL-A  |2 rubbk 
801 1 |a RU  |b 63413507  |c 20111202 
801 2 |a RU  |b 63413507  |c 20220113  |g RCR 
942 |c BK